000
00321nam a22001457a 4500
999
_c
54953
_d
54953
008
190927b ||||| |||| 00| 0 eng d
020
_a
9780078025648
041
_a
eng
080
_a
657
082
_a
657
100
_a
61
101
_a
E F
245
_a
Advaced Financial Accounting
_c
Cottrell.B.CH
942
_2
udc
_c
BK